000 00506nam a2200169Ia 4500
008 090201s9999 xx 000 0 und d
010 _aKPL-62395
040 _bमराठी
041 _aमराठी
082 _a34583
_b62395
100 _aसुशिला खेडकर
245 _aशापिता
_cसुशिला खेडकर
260 _c2004
_bऔदुंबर प्रकाशन
300 _a217
_bमोठा
600 _aशापिता
942 _cBOOK
999 _c232759
_d232759